000 00214 a2200097 4500
001 27968
100 _aMarion, J B
245 _aPhysics in the modern world
260 _a
_bAcademic Press
_c
090 _c18676
_d18676
942 _aNUST-CAE
_cM
_c9642
999 _c263041
_d263041